| 000 | 00608nam a2200193 i 4500 | ||
|---|---|---|---|
| 001 | 49451 | ||
| 003 | ES-MaACL | ||
| 005 | 20230906161951.0 | ||
| 007 | t| | ||
| 008 | 030716s1962 sp ||||1| spa d | ||
| 100 | 0 |
_aCoseriu, Eugenio, _d1921-2022 _940992 |
|
| 245 | 1 | 0 |
_aTeoría del lenguaje y lingüística general _b: cinco estudios / _cEugenio Coseriu. |
| 260 |
_aMadrid : _bGredos, _c[1962] |
||
| 300 |
_a327 p. ; _c25 cm. |
||
| 490 | 1 | _aBiblioteca románica hispánica | |
| 830 | 0 |
_aBiblioteca románica hispánica _9180746 |
|
| 852 |
_aES-MaACL _jC-22220 _bR.50412 |
||
| 999 |
_c49451 _d49451 |
||